000 00307nam a2200121Ia 4500
100 _aUNIX System V /386 RELEASE 4
942 _cBK
654 _aANSI C
245 _aProgrammers guide :ANSI C and programming support
260 _bPrentice Hall of India
_aNew Delhi
_c1992
546 _aENGLISH
999 _c32153
_d32153